000 00369nam a2200133Ia 4500
008 220216s9999 xx 000 0 und d
100 _aLe Beau D S
245 0 _aScience and technology of reclaimed rubber (1967 reviews)
260 _bRubber Chemistry and Technology
_c1967
300 _a217-237
650 _a1967 reviews
650 _aReclaimed rubber
942 _cJS
999 _c68443
_d68443